drapeaux du monde #7 - Statistiques

Statistiques générales
  • Ce quiz a été pris 128 fois
  • Le résultat moyen est 22 sur 32
Statistiques - réponses
Par images Réponse % Correct
russie
95%
qatar
94%
royaume uni
94%
suisse
92%
roumanie
89%
senegal
89%
suede
89%
république tchèque
87%
serbie
83%
slovaquie
83%
republique démocratique du congo
81%
slovenie
81%
saint marin
75%
sri lanka
75%
syrie
73%
république dominicaine
72%
singapour
72%
somalie
71%
seychelles
68%
république centrafricaine
60%
rwanda
58%
salvador
56%
sainte lucie
55%
soudan
55%
sierra leone
54%
suriname
52%
soudan du sud
51%
samoa
45%
saint christophe et niévès
43%
reunion
41%
sao tome et principe
38%
saint vincent les grenadines
17%
Aucun quiz correspondant
Distribution des résultats
% des personnes avec chaque résultat
Percentile par nombre de réponses
Votre historique - résultats
Vous n’avez pas pris ce quiz